Statistics for Planets and Galaxies quiz

Click here to take the quiz!

General Stats

  • This quiz has been taken 68 times
  • The average score is 10 of 11

Answer Stats

HintAnswer% Correct
This planet was reclassifies as a dwarfPluto
98%
The hottest planet in the solar systemVenus
98%
You are hereEarth
97%
The most explored planet besides EarthMars
97%
Closest to the sunMercury
95%
It's gravity turns gases into solidsJupiter
90%
The planet with the highest amount of solar windsNeptune
90%
It is tilted on its sideUranus
88%
It will float in water because it is so denseSaturn
85%
The only moon to it's planetMoon
83%
Biggest moon in relation to its planetCharon
32%

Score Distribution

Percentile by Number Answered

Percent of People with Each Score

Your Score History

You have not taken this quiz